000 00667nam a2200193Ia 4500
008 151121s9999||||xx |||||||||||||| ||und||
082 _a811/सानेक
082 _bHNW-114644
100 _aसानेकर चंद्रशेखर
245 _aएक अजब कोलाहल
260 _b"ग्रंथाली प्रकाशन, मुंबई।"
260 _c2011
300 _a71
600 _aसानेकर चंद्रशेखर
630 _aएक अजब कोलाहल
700 _aसानेकर चंद्रशेखर
730 _aएक अजब कोलाहल
942 _cBOOK
999 _c1263585
_d1263582